Members and allies of the Fellowship of the Ring Quiz Stats

Quiz not verified by Sporcle

Challenge
Share
Tweet
Embed
Score 0/21 Timer 04:00
0 Plays Today
% Correct
Gandalf
92.4%
Merry
92.4%
Aragorn
91.8%
Gimli
91.8%
Frodo
91.8%
Boromir
91.2%
Legolas
90.6%
Pippin
90.6%
Samwise
90.6%
Bilbo
89.4%
Treebeard
89.4%
% Correct
Arwen
88.8%
Galadriel
88.2%
Faramir
87.6%
Elrond
87.1%
Theoden
86.5%
Eomer
85.9%
Eowyn
85.3%
Haldir
82.4%
Denethor
41.2%
Smeagol
39.4%

You're not logged in!

Compare scores with friends on all Sporcle quizzes.
Sign Up with Email
OR
Log In

You Might Also Like...

Show Comments

Extras

Top Quizzes Today


Score Distribution

Your Account Isn't Verified!

In order to create a playlist on Sporcle, you need to verify the email address you used during registration. Go to your Sporcle Settings to finish the process.

Report this User

Report this user for behavior that violates our Community Guidelines.

Details: